00510cam a2200145 a 450000100100000000500170001000800410002704000250006808200160009324500770010926000550018630000270024165000450026870000510031300000142220200929145555.0821020s1955 xxu 001 0 eng  aDO-SdBNPbspacBNPHU a820.9bI31w04aThe Image of the work :bessays in criticism /cB. H. Lehman... [et al]. aBerkeley :bUniversity of California Press,c1955. aviii, 265 p. ;c24 cm. 4aLiteratura inglesaxHistoria y crítica1 aLehman, B. H.q(Benjamin Harrison),d1889-1977